Mots allemands aléatoires - au hasard - Statistiques

Statistiques générales
  • Ce quiz a été pris 6 636 fois
  • Le résultat moyen est 8 sur 15
Statistiques - réponses
Allemand Francais % Correct
Spanisch espagnol
98%
Stadt Ville
98%
Deutsch allemand
97%
Ananas Ananas
97%
fünf cinq
97%
und et
97%
Fußball football
97%
Französisch français
97%
klein Petit
97%
Fisch poisson
97%
Polizei police
97%
Apfel pomme
97%
Straße rue
97%
Samstag samedi
97%
Kaffee café
95%
Hund chien
95%
Schule école
95%
Nein non
95%
Rot rouge
95%
drei trois
95%
Hallo Bonjour
94%
kalt Froid
94%
Ich je
94%
Tag Jour
94%
Skulptur sculpture
94%
Salz sel
94%
Freitag vendredi
94%
Auto voiture
94%
Freund ami
93%
mit avec
93%
Zwei deux
93%
machen faire
93%
Milch lait
93%
ja Oui
93%
Sonntag dimanche
92%
Kind enfant
92%
Garten jardin
92%
Englisch anglais
91%
Blau bleu
91%
Wolf loup
91%
Montag lundi
91%
Haus maison
91%
Mutter mère
91%
nein non
91%
Gold or
91%
Bier bière
90%
Weiß blanc
90%
acht huit
90%
Danke Merci
90%
Deutschland Allemagne
89%
Winter hiver
89%
Neu Nouveau
89%
Du tu / vous
89%
heute aujourd'hui
88%
Katze chat
88%
Wasser eau
88%
Mann homme
88%
Brot Pain
88%
Wein vin
88%
Jahre année
87%
machen faire
87%
Geschichte histoire
87%
vier quatre
87%
Wind vent
87%
Grün vert
87%
Tschüss au revoir
86%
Österreich Autriche
86%
zehn dix
86%
Frankreich France
86%
Donnerstag jeudi
86%
Hand main
86%
Russisch russe
86%
Geburtstag anniversaire
85%
auch aussi
85%
gut bien
85%
Mädchen fille
85%
Dienstag mardi
85%
Mittwoch mercredi
85%
Sand sable
85%
Schwester sœur
85%
Buch Livre
84%
Motorrad moto
84%
Sommer été
83%
Krieg guerre
83%
Morgen matin
83%
Frage question
83%
sieben sept
83%
Flughafen aéroport
82%
rechts droit
82%
Zusammen ensemble
82%
Brueder frère
82%
Roman roman
82%
Tisch table
82%
Achtung attention
81%
Mantel manteau
81%
Marokko Maroc
81%
neun neuf
81%
sprechen parler
81%
Frau femme
80%
Meer mer
80%
Fabrik usine
80%
sie elle
79%
krank malade
79%
Kartoffel pomme de terre
79%
Arbeit travail
79%
Menschen gens / peuple / personnes
78%
Vater père
78%
Zucker sucre
78%
alles tout
78%
groß grand
77%
alt vieux / vieil / ancien
77%
Küche cuisine
76%
Flagge drapeau
76%
besser mieux
76%
Gesundheit santé
76%
schön belle / beau
75%
Sohn fils
75%
Käse fromage
75%
Nase nez
75%
Vogel oiseau
75%
Zimmer chambre
74%
Kurkuma curcuma
74%
Kirche église
74%
Humor humour
74%
Gelb jaune
74%
schnell rapide / vide
74%
immer toujours
74%
Liebe amour
73%
Spanien Espagne
73%
Tochter fille
73%
er il
73%
Lavendel lavande
73%
Schweiz Suisse
73%
Luft air / aérien
72%
andere autre
72%
Farbe couleur
72%
Ägypten Égypte
72%
Fuß pied
72%
Suppe soupe
72%
Ozean océan
71%
Schwedisch suédois
71%
Licht lumière
70%
Monat mois
70%
König Roi
70%
Wurst saucisse
70%
Woche semaine
70%
Tee thé
70%
Schottland Écosse
69%
Feuer feu
69%
Sprache langue
69%
Nummer nombre
69%
vielleicht peut-être
69%
Chemie chimie
68%
Körper corps
68%
halb moitié
68%
ohne sans
68%
Maus souris
68%
Hauptstadt capitale
67%
Abend soir
67%
Schuh chaussure
66%
Schwein cochon / porc
66%
schwer difficile
66%
Wassermelone melon d'eau / pastèque
66%
Wort mot
66%
Kopf tête
66%
Stunde heure
65%
Schlecht mauvais
65%
Weihnachten Noël
65%
über sur
65%
traurig triste
65%
Kunst art
64%
Tanz danse
64%
Fenster fenêtre
64%
Zeit temps
64%
Äthiopien Éthiopie
63%
Wald forêt
63%
links gauche
63%
Berg montagne
63%
Beruf profession / occupation
63%
Feuerwehrmann sapeur-pompier
63%
Kuh vache
63%
Erdbeere fraise
62%
Mehr plus
62%
Fahrrad vélo
62%
Baum arbre
61%
Pferd cheval
61%
Griechenland Grèce
61%
Gemüse légume
61%
Tür porte
61%
sechs six
61%
verboten interdit
60%
Ring anneau
59%
Haar cheveux
59%
Blume fleur
59%
kostenlos gratuit
59%
jemand quelqu'un
59%
Silber argent
58%
Schlüssel clé
58%
Fluss flux / fleuve / rivière
58%
Island Islande
58%
Papagei perroquet
58%
Schnee neige
57%
Auge œil
57%
Brücke pont
57%
möglich possible
57%
Schuh chaussure
56%
Himmel ciel
56%
Gott Dieu
56%
Bahnhof gare
56%
gestern hier
56%
Bett lit
56%
nehmen prendre
56%
dunkel sombre
56%
Zug train
56%
Junge garçon
55%
Arzt médecin
55%
Geschenk cadeau
54%
Herz cœur
54%
Krankenschwester infirmière
54%
Einfach juste / facile
54%
Ohr oreille
54%
Hose pantalon
54%
königlich royal
54%
Flug vol
54%
Grau gris
53%
niemals jamais
53%
Mauer mur
53%
Priester prêtre
53%
Frühling printemps
53%
Königin Reine
53%
Dorf village
53%
gefährlich dangereux
52%
Zahn dent
52%
Saft jus
51%
Markt marché
51%
Thunfisch thon
51%
Engel ange
50%
Kaninchen lapin
50%
Schmetterling papillon
50%
Stein pierre
50%
schweizerisch suisse
50%
Bär ours
49%
Regenschirm parapluie
49%
Rosmarin Romarin
49%
Mund bouche
48%
Ehefrau épouse / femme
48%
Pflanze plante
48%
Schweden Suède
48%
See lac
47%
Lippe lèvre
47%
Koch cuisinier
46%
Dusche douche
46%
Finnisch finnois
46%
frei gratuit
46%
Herbst automne
44%
Stuhl chaise
44%
Obst fruit
44%
Insel île
44%
Bein jambe
44%
Honig Miel
44%
Gebäude bâtiment
43%
heiß chaud
43%
Vereinigte Staaten États-Unis
43%
Spinne araignée
42%
doppelt double
42%
Weißrussland Biélorussie
41%
Braun brun
41%
Affe singe
41%
Schildkröte tortue
41%
Schild bouclier
40%
Schottisch écossais
40%
Rock jupe
39%
Fuchs renard
39%
ernst sérieux
39%
Glück bonheur
38%
Gürtel ceinture
38%
Erklärung explication / déclaration
38%
Litauen Lituanie
38%
Bevölkerung population
38%
Straßenbahn tram
38%
Bewegung mouvement
37%
Strand plage / rive / côte
37%
Frosch grenouille
36%
möglichkeit possibilité
36%
Nächste suivant
36%
Bus autobus
35%
Hemd chemise
35%
Bau construction / bâtiment
35%
Papst Pape
35%
Regen pluie
35%
Pfeffer poivre
35%
Löwe Lion
34%
Traum rêver
34%
Küste côte
33%
Uhr montre
33%
Polen Pologne
33%
Waffe arme
32%
Vereinigtes Königreich Royaume-Uni
32%
Ehemann mari / époux
31%
Biene abeille
30%
Boot bateau
30%
Grenz frontière
30%
nackt nu
30%
Estland Estonie
29%
Straßenbahn tram
29%
Petersilie persil
28%
leicht facile
27%
Flusspferd hippopotame
27%
Wunder Merveille
27%
Haut peau
27%
Preußen Prusse
27%
Tschechien République tchèque
27%
Nizza Nice
26%
Oase oasis
26%
Schlange serpent
26%
Lärm bruit
25%
Gesicht face
25%
Ostsee mer Baltique
25%
Geschäft affaires / boutique
24%
Getränk boisson
24%
Schmerz douleur
24%
Werkzeug outil / instrument
24%
lächeln sourire
24%
Ungarn Hongrie
23%
Lettland Lettonie
23%
schwimmen natation
23%
Jahreszeit saison
23%
Eichhörnchen écureuil
21%
Feind ennemi
21%
Möhre carotte
20%
Fledermaus chauve-souris
20%
Ritter chevalier
19%
Wüste désert
19%
Schaf mouton
19%
Grab tombe
19%
Wal baleine
18%
Magen estomac
18%
Lamm agneau
17%
Leber foie
17%
Igel hérisson
17%
ehrlich honnête
17%
Feder plume
17%
Hals cou
16%
Bohne haricot
16%
Schrank placard
16%
Tintenfisch poulpe
16%
Gewürz assaisonnement / épicer
14%
Säugetier mammifère
14%
schlafen sommeil
14%
Fahrzeug véhicule
14%
Birke bouleau
13%
Kohl chou
13%
Tod décès / trépas
13%
griechisch grecque
13%
Rentier renne
13%
Sprung sauter
13%
Ziege Chèvre
12%
Schiff navire
12%
Zwiebel oignon
12%
Schwanz queue
12%
Tanne sapin
12%
Bad baignoire
11%
Nagel clou
11%
Eule hibou
11%
Buchstabe lettre
11%
Tal vallée
11%
Bart barbe
10%
Schuld culpabilité
10%
Pfund livre
10%
Kinn menton
10%
Seemöwe mouette
10%
Zufällig aléatoire
9%
Schnauze museau
9%
Gasse ruelle
9%
Blitz foudre
8%
Frettchen Furet
8%
Held héros
8%
Sauerstoff oxygène
7%
Rente pension
7%
Bucht baie
6%
Dachs blaireau
6%
ewig éternellement
6%
Hummer homard
6%
Mord meurtre
6%
Pfau paon
6%
Salbei sauge
6%
zurück dos
5%
Walisisch gallois
5%
Dschungel jungle
5%
Bach ruisseau
5%
Kraftstoff carburant
4%
Ausstellung exposition
4%
böse mauvais / colère
4%
Hai Requin
4%
Viertel trimestre
4%
Pavian babouin
3%
Welpe chiot
3%
Seepferdchen hippocampe
3%
Kiefer mâchoire
3%
Bitte plaire
3%
Donner tonnerre
3%
Berufung appel
0%
Haferbrei bouillie
0%
Elch élan
0%
Ameise fourmi
0%
Walross morse
0%
Kiefer pin
0%
Gebet prière
0%
Nashorn rhinocéros
0%
Aucun quiz correspondant
Distribution des résultats
% des personnes avec chaque résultat
Percentile par nombre de réponses
Votre historique - résultats
Vous n’avez pas pris ce quiz